000 00576nam a22001817a 4500
005 20251108164717.0
008 250721s1987 xx 000 0 ara d
082 1 4 _a614.31/أكر
100 1 _aعبود، أكرم ريشان
245 1 0 _aمبادئ صحة الحيوان /
264 1 _aبغداد :
_bوزارة التعليم العالي و البحث العلمي - جامعة الموصل،
_c1987.
300 _a412ص
650 1 7 _aالصحة العامة
650 1 7 _aمراقبة اللحوم
650 1 7 _aاللحوم
942 _2ddc
_cBK
999 _c12431
_d12431